Normal view
MARC view
Entry Personal Name
001 - CONTROL NUMBER
- control field: 8260
003 - CONTROL NUMBER IDENTIFIER
- control field: OSt
005 - DATE AND TIME OF LATEST TRANSACTION
- control field: 20150901134208.0
008 - FIXED-LENGTH DATA ELEMENTS
- fixed length control field: 150901|| aca||aabn | a|a d
040 ## - CATALOGING SOURCE
- Original cataloging agency: OSt
- Transcribing agency: OSt
100 ## - HEADING--PERSONAL NAME
- Personal name: Bhattacharya, Dr. Vivek
670 ## - SOURCE DATA FOUND
- Source citation: Work cat.: (OSt)6417: Bhattacharya, Dr. Vivek, Towards National Unity And Integration, 1985









